<?xml version="1.0" encoding="UTF-8"?>
<record
    xmlns:xsi="http://www.w3.org/2001/XMLSchema-instance"
    xsi:schemaLocation="http://www.loc.gov/MARC21/slim http://www.loc.gov/standards/marcxml/schema/MARC21slim.xsd"
    xmlns="http://www.loc.gov/MARC21/slim">

  <leader>02632nam a22003617a 4500</leader>
  <controlfield tag="005">20120404161112.0</controlfield>
  <controlfield tag="008">110608t        xxu||||| |||| 00| 0 hin d</controlfield>
  <datafield tag="010" ind1=" " ind2=" ">
    <subfield code="a">HIN-92910       B-459580-584</subfield>
  </datafield>
  <datafield tag="020" ind1=" " ind2=" ">
    <subfield code="c">250.00</subfield>
    <subfield code="a">8188381616</subfield>
  </datafield>
  <datafield tag="035" ind1=" " ind2=" ">
    <subfield code="a">HN-65256       B-459580-584</subfield>
  </datafield>
  <datafield tag="037" ind1=" " ind2=" ">
    <subfield code="b">DBAD / PUB</subfield>
  </datafield>
  <datafield tag="037" ind1=" " ind2=" ">
    <subfield code="b">&#x915;&#x947;. &#x915;&#x947;. &#x92A;&#x92C;&#x94D;&#x932;&#x93F;&#x915;&#x947;&#x936;&#x902;&#x938;</subfield>
  </datafield>
  <datafield tag="040" ind1=" " ind2=" ">
    <subfield code="a">DPL</subfield>
    <subfield code="b">HN</subfield>
  </datafield>
  <datafield tag="082" ind1=" " ind2=" ">
    <subfield code="a">&#x915;</subfield>
  </datafield>
  <datafield tag="100" ind1=" " ind2=" ">
    <subfield code="9">28442</subfield>
    <subfield code="a">&#x91F;&#x948;&#x917;&#x94B;&#x930;, &#x930;&#x935;&#x93F;&#x902;&#x926;&#x94D;&#x930;&#x928;&#x93E;&#x925;</subfield>
  </datafield>
  <datafield tag="245" ind1=" " ind2=" ">
    <subfield code="a">(&#x907;&#x915;&#x94D;&#x915;&#x940;&#x938;) 21&#x915;&#x939;&#x93E;&#x928;&#x93F;&#x92F;&#x93E;&#x902; /</subfield>
    <subfield code="c">&#x930;&#x935;&#x93F;&#x902;&#x926;&#x94D;&#x930;&#x928;&#x93E;&#x925; &#x91F;&#x948;&#x917;&#x94B;&#x930;</subfield>
  </datafield>
  <datafield tag="246" ind1=" " ind2=" ">
    <subfield code="a">21 Kahaniyan</subfield>
    <subfield code="b">by Ravindernath Tagore  </subfield>
  </datafield>
  <datafield tag="260" ind1=" " ind2=" ">
    <subfield code="a">&#x926;&#x93F;&#x932;&#x94D;&#x932;&#x940;</subfield>
    <subfield code="b">&#x928;&#x940;&#x930;&#x91C; &#x92C;&#x941;&#x915; &#x938;&#x947;&#x902;&#x91F;&#x930;</subfield>
    <subfield code="c">2010</subfield>
  </datafield>
  <datafield tag="270" ind1=" " ind2=" ">
    <subfield code="a">&#x938;&#x940;-32, &#x906;&#x930;&#x94D;&#x92F;&#x93E;&#x928;&#x917;&#x930; &#x938;&#x94B;&#x938;&#x93E;&#x92F;&#x91F;&#x940;</subfield>
    <subfield code="b">&#x926;&#x93F;&#x932;&#x94D;&#x932;&#x940;</subfield>
    <subfield code="e">110092</subfield>
  </datafield>
  <datafield tag="300" ind1=" " ind2=" ">
    <subfield code="a">183 &#x92A;&#x943;</subfield>
    <subfield code="c">22&#x938;&#x947;&#x92E;&#x940; (&#x938;&#x91C;&#x93F;&#x932;&#x94D;&#x926;)</subfield>
  </datafield>
  <datafield tag="650" ind1=" " ind2=" ">
    <subfield code="9">28443</subfield>
    <subfield code="a">&#x932;&#x918;&#x941; &#x915;&#x925;&#x93E;&#x90F;&#x901;, &#x939;&#x93F;&#x928;&#x94D;&#x926;&#x940;</subfield>
  </datafield>
  <datafield tag="650" ind1=" " ind2=" ">
    <subfield code="9">28455</subfield>
    <subfield code="a">Short Stories, Hindi</subfield>
  </datafield>
  <datafield tag="700" ind1=" " ind2=" ">
    <subfield code="9">28521</subfield>
  </datafield>
  <datafield tag="700" ind1=" " ind2=" ">
    <subfield code="9">28536</subfield>
  </datafield>
  <datafield tag="942" ind1=" " ind2=" ">
    <subfield code="a">dpl</subfield>
    <subfield code="c">HN</subfield>
    <subfield code="2">ddc</subfield>
    <subfield code="m">&#x91F;&#x948;&#x917;&#x94B;&#x930;</subfield>
    <subfield code="h">&#x915;</subfield>
  </datafield>
  <datafield tag="999" ind1=" " ind2=" ">
    <subfield code="c">52872</subfield>
    <subfield code="d">52872</subfield>
  </datafield>
  <datafield tag="952" ind1=" " ind2=" ">
    <subfield code="0">0</subfield>
    <subfield code="1">0</subfield>
    <subfield code="2">ddc</subfield>
    <subfield code="4">0</subfield>
    <subfield code="7">0</subfield>
    <subfield code="8">FIC</subfield>
    <subfield code="a">AV</subfield>
    <subfield code="b">AV</subfield>
    <subfield code="d">2011-06-14</subfield>
    <subfield code="e">DBAD / PUB</subfield>
    <subfield code="g">250.00</subfield>
    <subfield code="l">0</subfield>
    <subfield code="o">&#x915; &#x91F;&#x948;&#x917;&#x94B;&#x930;</subfield>
    <subfield code="p">HN-65256</subfield>
    <subfield code="r">2011-06-14 00:00:00</subfield>
    <subfield code="t">1</subfield>
    <subfield code="v">250.00</subfield>
    <subfield code="y">HN</subfield>
  </datafield>
  <datafield tag="952" ind1=" " ind2=" ">
    <subfield code="0">0</subfield>
    <subfield code="1">0</subfield>
    <subfield code="2">ddc</subfield>
    <subfield code="4">0</subfield>
    <subfield code="7">0</subfield>
    <subfield code="8">FIC</subfield>
    <subfield code="a">L</subfield>
    <subfield code="b">L</subfield>
    <subfield code="d">2012-04-04</subfield>
    <subfield code="e">&#x915;&#x947;.&#x915;&#x947;. &#x92A;&#x92C;&#x94D;&#x932;&#x93F;&#x915;&#x947;&#x936;&#x902;&#x938;/1541/26.12.11/13/12.12.11/8.2.12</subfield>
    <subfield code="g">250.00</subfield>
    <subfield code="l">0</subfield>
    <subfield code="o">&#x915; &#x91F;&#x948;&#x917;&#x94B;&#x930;</subfield>
    <subfield code="p">B-459580</subfield>
    <subfield code="r">2012-04-04 00:00:00</subfield>
    <subfield code="t">1</subfield>
    <subfield code="v">250.00</subfield>
    <subfield code="w">2012-04-04</subfield>
    <subfield code="y">HN</subfield>
  </datafield>
  <datafield tag="952" ind1=" " ind2=" ">
    <subfield code="0">0</subfield>
    <subfield code="1">3</subfield>
    <subfield code="2">ddc</subfield>
    <subfield code="4">0</subfield>
    <subfield code="7">0</subfield>
    <subfield code="8">FIC</subfield>
    <subfield code="a">BL1</subfield>
    <subfield code="b">BL1</subfield>
    <subfield code="d">2012-04-04</subfield>
    <subfield code="e">&#x915;&#x947;.&#x915;&#x947;. &#x92A;&#x92C;&#x94D;&#x932;&#x93F;&#x915;&#x947;&#x936;&#x902;&#x938;/1541/26.12.11/13/12.12.11/8.2.12</subfield>
    <subfield code="g">250.00</subfield>
    <subfield code="l">0</subfield>
    <subfield code="o">&#x915; &#x91F;&#x948;&#x917;&#x94B;&#x930;</subfield>
    <subfield code="p">B-459581</subfield>
    <subfield code="r">2017-05-13 00:00:00</subfield>
    <subfield code="t">1</subfield>
    <subfield code="v">250.00</subfield>
    <subfield code="y">HN</subfield>
  </datafield>
  <datafield tag="952" ind1=" " ind2=" ">
    <subfield code="0">0</subfield>
    <subfield code="1">0</subfield>
    <subfield code="2">ddc</subfield>
    <subfield code="4">0</subfield>
    <subfield code="7">0</subfield>
    <subfield code="8">FIC</subfield>
    <subfield code="a">ZLS</subfield>
    <subfield code="b">ZLS</subfield>
    <subfield code="d">2012-04-04</subfield>
    <subfield code="e">&#x915;&#x947;.&#x915;&#x947;. &#x92A;&#x92C;&#x94D;&#x932;&#x93F;&#x915;&#x947;&#x936;&#x902;&#x938;/1541/26.12.11/13/12.12.11/8.2.12</subfield>
    <subfield code="g">250.00</subfield>
    <subfield code="l">2</subfield>
    <subfield code="o">&#x915; &#x91F;&#x948;&#x917;&#x94B;&#x930;</subfield>
    <subfield code="p">B-459582</subfield>
    <subfield code="r">2019-11-11 00:00:00</subfield>
    <subfield code="s">2019-10-28</subfield>
    <subfield code="t">1</subfield>
    <subfield code="v">250.00</subfield>
    <subfield code="w">2012-04-04</subfield>
    <subfield code="y">HN</subfield>
    <subfield code="z">Withdrawn List Prepared L.No.51/24</subfield>
  </datafield>
  <datafield tag="952" ind1=" " ind2=" ">
    <subfield code="0">0</subfield>
    <subfield code="1">0</subfield>
    <subfield code="2">ddc</subfield>
    <subfield code="4">0</subfield>
    <subfield code="7">0</subfield>
    <subfield code="8">FIC</subfield>
    <subfield code="a">BL3</subfield>
    <subfield code="b">BL3</subfield>
    <subfield code="d">2012-04-04</subfield>
    <subfield code="e">&#x915;&#x947;.&#x915;&#x947;. &#x92A;&#x92C;&#x94D;&#x932;&#x93F;&#x915;&#x947;&#x936;&#x902;&#x938;/1541/26.12.11/13/12.12.11/8.2.12</subfield>
    <subfield code="g">250.00</subfield>
    <subfield code="l">0</subfield>
    <subfield code="o">&#x915; &#x91F;&#x948;&#x917;&#x94B;&#x930;</subfield>
    <subfield code="p">B-459583</subfield>
    <subfield code="r">2012-04-04 00:00:00</subfield>
    <subfield code="t">1</subfield>
    <subfield code="v">250.00</subfield>
    <subfield code="w">2012-04-04</subfield>
    <subfield code="y">HN</subfield>
  </datafield>
  <datafield tag="952" ind1=" " ind2=" ">
    <subfield code="0">0</subfield>
    <subfield code="1">0</subfield>
    <subfield code="2">ddc</subfield>
    <subfield code="4">0</subfield>
    <subfield code="7">0</subfield>
    <subfield code="8">FIC</subfield>
    <subfield code="a">BL4</subfield>
    <subfield code="b">BL4</subfield>
    <subfield code="d">2012-04-04</subfield>
    <subfield code="e">&#x915;&#x947;.&#x915;&#x947;. &#x92A;&#x92C;&#x94D;&#x932;&#x93F;&#x915;&#x947;&#x936;&#x902;&#x938;/1541/26.12.11/13/12.12.11/8.2.12</subfield>
    <subfield code="g">250.00</subfield>
    <subfield code="l">1</subfield>
    <subfield code="m">2</subfield>
    <subfield code="o">&#x915; &#x91F;&#x948;&#x917;&#x94B;&#x930;</subfield>
    <subfield code="p">B-459584</subfield>
    <subfield code="r">2025-01-11 00:00:00</subfield>
    <subfield code="s">2024-12-03</subfield>
    <subfield code="t">1</subfield>
    <subfield code="v">250.00</subfield>
    <subfield code="y">HN</subfield>
  </datafield>
</record>
